[Event "Gashimov Memorial-A 1st"]
[Site "Shamkir"]
[Date "2014.04.26"]
[Round "6"]
[White "Mamedyarov, Shakhriyar"]
[Black "Carlsen, Magnus"]
[Result "0-1"]
[WhiteElo "2760"]
[BlackElo "2881"]
[Annotator "Ftacnik,Lubomir"]
[PlyCount "54"]
[EventDate "2014.04.20"]
[EventType "tourn"]
[EventRounds "10"]
[EventCountry "AZE"]
[EventCategory "22"]
[SourceTitle "CBM 160"]
[Source "ChessBase"]
[SourceDate "2014.05.15"]
[SourceVersion "1"]
[SourceVersionDate "2014.05.15"]
[SourceQuality "1"]

1. d4 Nf6 2. c4 e6 3. Nc3 Bb4 4. Qc2 d5 5. Nf3 dxc4 6. Bg5 b5 {Carlsen needs to look for positions, that are full of life even with the black pieces. His title as champion and fantastic rating oblige him to win many games even against very strong opponents.} 7. a4 c6 8. g3 {Mamedyarov keeps his cool and develops the bishop in style of the Catalan Opening. His choice is certainly sensible, since there is no direct refutation of the daring idea used by Black.} (8. axb5 cxb5 9. Bxf6 gxf6 10. Qe4 (10. e3 Bb7 11. b3 Nd7 12. bxc4 bxc4 13. Nd2 a5 14. Bxc4 Rg8 15. d5 Nb6 16. Qxh7 Rf8 17. Bb5+ Ke7 18. Qd3 Nxd5 19. Na2 Bxd2+ 20. Qxd2 Qb6 21. Rb1 $11 {0-1 (33) Ballesteros Perez,F-Hernandez Onna,R (2445) Las Palmas 1991}) 10... Qd5 11. Qg4 Nd7 12. g3 Bb7 13. Bg2 Qd6 14. O-O Bxc3 15. bxc3 a6 16. e4 h5 17. Qh4 O-O-O 18. Rfd1 Kb8 19. Ne1 f5 20. e5 Qc7 $11 {0-1 (68) Postl,A (2315)-Lerner,K (2605) Graz 1995}) 8... Bb7 9. Bg2 Nbd7 10. O-O Qb6 {Black is playing with fire as the opponent has excellent pieces and a slight development advantage. On the other hand Black's advantage of an extrae pawn can play a significant role later in the game.} 11. e4 $146 ({RR} 11. Rfd1 O-O 12. e4 a6 13. Bxf6 Nxf6 14. e5 Nd5 15. Ng5 g6 16. h4 Be7 17. Nce4 Rad8 18. Qe2 h6 19. Nh3 c5 20. dxc5 Bxc5 21. Qg4 Be7 22. h5 g5 23. axb5 axb5 24. Kh2 Kh7 25. Qe2 Qc7 {Puzko,D (2154)-Potkin,V (2610) St Petersburg 2014 0-1 (35)}) 11... a6 (11... Bxc3 12. bxc3 O-O 13. a5 Qc7 14. Bf4 Qc8 15. Bd6 c5 16. e5 Nd5 17. Ng5 g6 18. a6 Bxa6 19. dxc5 Bb7 20. Ne4 Re8 21. Qd2 f5 22. exf6 N5xf6 $11 {1/2 (50) Wilhelmi,C (2325)-Arnold,J (2190) Budapest 1996}) (11... O-O 12. Be3 Bxc3 13. bxc3 c5 14. dxc5 Nxc5 15. Nd2 a6 16. Rab1 Qc6 17. Nxc4 bxc4 18. Bxc5 Qxc5 19. Rxb7 Rab8 20. Rfb1 Rxb7 21. Rxb7 Ng4 $11 {0-1 (32) Costello,C (2070)-Petersen,S (2165) Copenhagen 1996}) 12. Rfd1 {White deserves credit for playing very sensibly in the virtually unknown line. The pieces are taking the optimal squares and their activity should promise compensation for the missing material.} (12. Be3 O-O 13. Ne5 Rad8 14. Rad1 c5 15. axb5 axb5 16. dxc5 Bxc5 17. Nxd7 Nxd7 18. Bg5 f6 19. Bf4 Ne5 20. Bxe5 fxe5 21. Rxd8 Rxd8 $17 {0-1 (28) Sajn,S (1896)-Kozamernik,J (2172) Bled 2001}) 12... h6 13. Be3 (13. Bf4 O-O 14. Na2 Be7 15. Nc3 Rad8 $15) 13... O-O 14. d5 {When all the forces are mobilised all good players know that waiting can only help the adversary. Mamedyarov is opening the direct fight with a logical shot in the centre.} (14. Ne5 c5 15. Na2 Ba5 16. dxc5 Nxc5 17. axb5 axb5 18. Nxc4 (18. b4 $2 cxb3 19. Qxc5 Qxc5 20. Bxc5 Rfd8 $19) 18... bxc4 19. Qxc4 Bxe4 20. Bxc5 Qc6 $15) 14... c5 {World champions are also only human and have to tread carefully in questions of risk. The more ambitious move 14...c5!? was probably deemed to be too messy, even though Black would keep somewhat better chances.} (14... Bc5 $5 15. dxe6 fxe6 16. e5 Nd5 17. Bf4 Bc8 18. Qd2 b4 19. Ne4 c3 $15) 15. a5 (15. dxe6 Qxe6 16. Nd5 Nxd5 17. exd5 Qf6 $15) 15... Qd8 {Mamedyarov is well known as a player who always carries a sharp knife in his bag. It makes no sense to provoke the tiger with the unseemly move 15...xa5.} (15... Bxa5 16. dxe6 fxe6 17. e5 Nd5 18. Bxh6 $1 Bxc3 19. Qg6 Rf7 20. Ng5 Nxe5 21. Qh7+ Kf8 22. bxc3 Nf6 23. Bxg7+ Rxg7 24. Qh8+ Ng8 25. Bxb7 $11) 16. dxe6 (16. Nh4 exd5 17. exd5 Ne5 $17) 16... fxe6 17. Nh4 Bxc3 {The knight on c3 is eliminated as it might possibly head to the centre and join the forces heading towards black king.} (17... Qc7 18. Bf4 e5 19. Bd2 Bxc3 20. Bxc3 $11) 18. bxc3 Qe8 (18... Qc7 19. Bf4 e5 20. Bc1 Rfe8 21. Nf5 Nf8 $13) 19. f4 Rd8 {Carlsen is not worried about the seeming passivity of his army, it is more important to defend the critical squares like g6.} (19... Ng4 20. Bc1 Qf7 21. Rd6 Rad8 22. h3 Ngf6 23. Be3 $11) 20. h3 (20. Rd6 e5 21. Re1 $11) 20... Rf7 21. Rd6 (21. g4 e5 22. f5 Nf8 23. Bxc5 Rfd7 24. Rxd7 Qxd7 $15) 21... e5 22. f5 $6 {With his faulty decision Mamedyarov chooses the road to perdition. It was not necessary to tempt the collapse, but White was probaby not suspecting the level of danger.} (22. Re1 $1 Nh5 23. Qd2 Rc8 (23... Nxg3 24. fxe5 Qxe5 25. Ng6 Qe8 26. e5 Bxg2 27. Qxg2 Nf5 28. Bf2 $11) 24. Kh2 $11) 22... Nf8 $1 23. Bxc5 $2 {[%mdl 2048] White could not resist the temptation to restore material equality on the board. Unfortunately this strategy helps to improve the black pieces and they will spring to life with astonishing force. It was necessary to look for ways to limit the damage.} (23. Rad1 Rxd6 24. Rxd6 Qc8 25. Ng6 Nxg6 26. fxg6 Rd7 27. Qd2 Qc7 28. Rxd7 Qxd7 29. Qxd7 Nxd7 30. h4 Kf8 31. Bh3 Ke8 32. Bxd7+ Kxd7 33. Bxc5 (33. Bxh6 $2 b4 $17) 33... Ke6 34. Kf2 Bxe4 $15) 23... Rxd6 24. Bxd6 Rd7 25. Bxf8 {If every step leads in the wrong direction the result may be somewhat depressing. The last chance for White to put up resistance was tied to the move 25.b4.} (25. Bb4 N8h7 (25... Rd3 26. Re1 Rxg3 27. Qf2 Rd3 $17) 26. Ng6 Ng5 27. Qf2 Rd3 28. h4 Ngxe4 29. Qb6 Bd5 $17) 25... Qxf8 26. Rd1 (26. Qf2 Bxe4 27. Ng6 Qe8 28. Bf1 Nd5 29. Rc1 Qb8 $17) 26... Qc5+ 27. Kh2 (27. Kh1 Qe3 $1 (27... Bxe4 28. Bxe4 Rxd1+ 29. Qxd1 Nxe4 30. Qd8+ Kf7 31. Qd7+ Qe7 32. Qd5+ $18) 28. Rxd7 Nxd7 29. Qd1 Qd3 $19) (27. Kf1 Bxe4 28. Bxe4 Rxd1+ 29. Qxd1 Nxe4 30. Qd8+ Kh7 31. Qb6 Qc8 32. Kg2 Qd7 $17) 27... Bxe4 $1 {Black would at any time gladly pay top dollar for the ideal coordination of his forces as in this position. The only problem that has to be dealt with is the counterplay against his own king.} (27... Bxe4 28. Bxe4 Rxd1 29. Qxd1 Nxe4 30. Ng2 (30. Qd8+ Kh7 31. Ng6 Qf2+ $19) 30... Kh7 31. Qc2 Qd5 32. Ne1 Nf6 $19) 0-1

[Event "Gashimov Memorial-A 1st"]
[Site "Shamkir"]
[Date "2014.04.28"]
[Round "8"]
[White "Carlsen, Magnus"]
[Black "Karjakin, Sergey"]
[Result "1/2-1/2"]
[WhiteElo "2881"]
[BlackElo "2772"]
[PlyCount "75"]
[EventDate "2014.04.20"]
[EventType "tourn"]
[EventRounds "10"]
[EventCountry "AZE"]
[EventCategory "22"]
[SourceTitle "CBM 160"]
[Source "ChessBase"]
[SourceDate "2014.05.15"]
[SourceVersion "1"]
[SourceVersionDate "2014.05.15"]
[SourceQuality "1"]

1. d4 Nf6 2. c4 e6 3. Nf3 b6 4. g3 Ba6 5. Nbd2 Bb7 6. Bg2 Be7 7. O-O O-O 8. b3 c5 9. Bb2 cxd4 10. Nxd4 Bxg2 11. Kxg2 Nc6 12. Nxc6 dxc6 13. e4 ({RR} 13. Nf3 Qc7 14. Qc2 Rfd8 15. Rad1 h6 16. Rxd8+ Rxd8 17. Rd1 Rxd1 {½-½ (17) Tomashevsky,E (2681)-Karjakin,S (2750) Moscow RUS 2023}) 13... Qd3 14. e5 Ne4 15. Nf3 $146 ({RR} 15. Nxe4 Qxe4+ 16. Qf3 Qc2 17. Qc3 Qe4+ 18. Qf3 Qc2 19. Qc3 {½-½ (19) Yildiz Kadioglu,B (2296)-Ozturk Orenli,K (2291) Kocaeli 2014}) 15... Rfd8 16. Re1 Nc5 17. Nd4 Rac8 18. Re3 Qxd1 19. Rxd1 Nxb3 20. axb3 c5 21. Red3 cxd4 22. Rxd4 Kf8 23. Kf3 Ke8 24. Ke4 Bc5 25. Rxd8+ Rxd8 26. Rxd8+ Kxd8 27. f3 Kc7 28. Bc3 Kc6 29. Kd3 b5 30. b4 Bg1 31. h3 Bf2 32. g4 Bg3 33. Kd4 a6 34. Kd3 Bf2 35. Bd2 Bg3 36. Bc3 Bf2 37. Bd2 Bg3 38. Bc3 1/2-1/2

[Event "Gashimov Memorial-A 1st"]
[Site "Shamkir"]
[Date "2014.04.30"]
[Round "10"]
[White "Carlsen, Magnus"]
[Black "Caruana, Fabiano"]
[Result "1-0"]
[WhiteElo "2881"]
[BlackElo "2783"]
[Annotator "Krasenkow,Michal"]
[PlyCount "97"]
[EventDate "2014.04.20"]
[EventType "tourn"]
[EventRounds "10"]
[EventCountry "AZE"]
[EventCategory "22"]
[SourceTitle "CBM 160"]
[Source "ChessBase"]
[SourceDate "2014.05.15"]
[SourceVersion "1"]
[SourceVersionDate "2014.05.15"]
[SourceQuality "1"]

{[%mdl 2]} 1. d4 Nf6 2. Nf3 g6 3. g3 Bg7 4. Bg2 c5 5. c3 d5 {[%mdl 512] It was not a good decision for Fabiano Caruana to sac the c5-pawn, taking into consideration that Magnus Carlsen is especially strong in this kind of position.} 6. dxc5 O-O 7. O-O {This line was examined in CBM 129, annotations to Kamsky-Karjakin.} a5 {This attempt to encircle the c5-pawn proves fruitless.} (7... Nc6 8. Qb3 Qa5 9. Qa3 Qc7 10. Bg5 Ne4 11. Be3 e5 12. Nbd2 f5 13. Rad1 Nf6 14. b4 Re8 15. Nb3 Ne4 16. b5 Ne7 17. Qc1 $16 {1-0 (41) Kamsky,G (2725)-Karjakin,S (2706) Wijk aan Zee 2009}) (7... Qc7 $5 8. b4 e5 {deserves attention. In the following game Black obtained decent compensation for the pawn:} 9. Bb2 Rd8 10. Nbd2 Bf5 11. Qb3 (11. c4 $5) 11... Nc6 12. a3 b6 13. cxb6 axb6 14. Rfd1 h6 15. e3 Be6 16. Qc2 {1/2 (16) L'Ami,E (2626)-Bok,B (2527) Haarlem 2013}) 8. Be3 (8. Nd4 $5 e5 9. Nb5 Na6 10. Bg5 e4 11. Bf4 Bd7 12. N1a3 b6 13. cxb6 Qxb6 14. c4 dxc4 $6 15. Nd6 $16 {1/2 (90) Harika,D (2525)-Muzychuk,M (2462) Antakya 2010}) (8. c4 $5 Na6 9. Nc3 dxc4 10. Ne5 $5 Nxc5 11. Be3 Nfe4 12. Nxe4 Nxe4 13. Nxc4 Nd6 14. Nxd6 Qxd6 15. Qxd6 exd6 16. Rad1 $14) ({RR} 8. c4 Na6 9. Nc3 dxc4 10. Be3 Qc7 11. Qa4 Ng4 12. Nd5 Qd8 13. Qxc4 Nxe3 14. Nxe3 Be6 15. Qh4 Nxc5 16. Ng5 h6 17. Nxe6 Nxe6 18. Nd5 Nd4 19. Nxe7+ Kh8 20. e3 Re8 21. Nd5 Qxh4 22. gxh4 Ne6 {Nihal,S (2652)-Van Foreest,J (2691) Malmo 2021 ½-½ (59)}) 8... Nc6 (8... Ng4 9. Qd2 {, and Black can't recapture the pawn anyway.}) 9. Na3 ({RR} 9. Nd4 e5 10. Nxc6 bxc6 11. h3 Rb8 12. Qd2 Ba6 13. Re1 Qc7 14. b3 Nd7 15. Na3 f5 16. Nc2 f4 17. gxf4 exf4 18. Bd4 Ne5 19. Bxe5 Bxe5 20. Nd4 Qd7 21. Nf3 Bg7 22. Rad1 Qa7 23. Nd4 Qd7 {Golubova,A (2135)-Chernyshova,A (1801) Sochi RUS 2025 1-0 (34)}) 9... a4 $146 ({RR} 9... e5 10. h3 h6 11. Nb5 Be6 12. a4 Nd7 13. Qc1 Kh7 14. Rd1 f5 15. Ne1 Ne7 16. f4 Rc8 17. b4 axb4 18. cxb4 exf4 19. Bxf4 Bxa1 20. Qxa1 b6 21. Bd6 bxc5 22. bxc5 Rf7 23. Nd4 Rf6 24. Nd3 {Tran,K-Huynh,L (1341) Tornelo INT 2021 1-0 (35)}) ({RR} 9... e5 10. Nb5 h6 11. Nd6 Qe7 12. a4 Be6 13. h3 Ne8 14. Nxe8 Rfxe8 15. Kh2 Rad8 16. Qc2 f5 17. Rab1 g5 18. b4 axb4 19. cxb4 e4 20. Ng1 d4 21. Bc1 Ne5 22. Bb2 Qf7 23. Ba1 Bc4 24. Rfd1 {Soto Hernandez,H (2481)-Khodko,Y (2249) chess.com INT 2024 0-1 (55)}) 10. Qc1 $1 e5 {Black's pawn centre doesn't fully compensate for his missing pawn.} 11. Rd1 Qe7 12. Nb5 {[%csl Rd6]} Be6 13. Ng5 (13. Nd6 {was less clear in view of} b6) 13... Bg4 $1 14. Nd6 $1 (14. f3 $6 Bc8 15. Nd6 h6 16. Nh3 Bxh3 17. Bxh3 b6 $13) 14... h6 $1 (14... Bxe2 15. Rxd5 $1 Nxd5 16. Bxd5 Nd8 17. Qc2 Bg4 18. Qe4 $16 {[%csl Gd5,Gd6,Ge4]}) 15. Nf3 Kh7 {An unnecessary loss of a tempo.} (15... b6 $142 $1 {- a typical undermining although White keeps the better prospects after} 16. Ne1 $1 (16. Bxh6 $2 bxc5) 16... e4 $1 (16... Bxe2 17. Rxd5 Nxd5 18. Bxd5 bxc5 19. Bxc5 {[%csl Gc5,Gd5,Gd6]} Ra5 20. Qe3) 17. f3 exf3 18. exf3 Be6 19. Nd3) 16. h3 Be6 17. b4 {This move unexpectedly gives Black good counterplay.} (17. Ne1 $142 {[%cal Ye1d3]}) 17... axb3 18. axb3 Rxa1 19. Qxa1 Ne4 20. Nd2 f5 $6 (20... Nxd6 21. cxd6 Qxd6 22. Nc4 Qd8 23. Bc5 Rg8 (23... Re8 24. Nd6 Bf8 25. Nxb7 Qb8 26. Qa6) 24. Bxd5 Bxd5 25. e4 Nd4 26. exd5 Nxb3 27. Qa3 Qc8 28. Qxb3 Qxc5 29. d6 $16 {[%csl Gd6]}) (20... d4 $1 21. Bxe4 (21. N2xe4 dxe3 22. fxe3 f5 23. Nd2 e4 $44 {[%csl Rg2]}) 21... dxe3 22. fxe3 Bxh3 $44 {White's king is unsafe, and Black's attacking chances should not be underestimated.}) 21. N2xe4 dxe4 (21... fxe4 22. Qb1 {[%cal Yc3c4] e.g.} h5 23. c4 d4 24. Bc1) 22. Qb1 $1 f4 23. Bd2 e3 {This is now harmless.} 24. Be1 {Safely protecting White's king while his other pieces are very active. Black has no compensation for the pawn whatsoever.} Bf5 25. Qc1 h5 26. fxe3 fxg3 27. Bxg3 Qg5 28. e4 $1 Qxg3 29. Rd3 Qh4 30. exf5 gxf5 31. e4 $1 {White seizes the light squares.} fxe4 (31... f4 32. Nf5) (31... Bh6 32. Qd1) 32. Bxe4+ Kh8 33. Qe3 Rf4 34. Bg2 Qe7 35. Qe2 Qh4 36. b4 {The rest is clear. Black has no real counterplay anymore, and the advance of White's queenside pawns decides the game.} e4 37. Nxe4 Ne5 38. Rd5 Kg8 39. b5 Rf5 40. c6 bxc6 41. bxc6 Qe7 42. Nd6 Rg5 43. Nb5 Qe6 44. Rd8+ Kh7 45. Qe4+ Rg6 46. c7 Qa6 47. c8=Q Qa1+ 48. Kf2 Qb2+ 49. Ke1 1-0

[Event "Norway Chess 2nd"]
[Site "Stavanger"]
[Date "2014.06.04"]
[Round "2"]
[White "Kramnik, Vladimir"]
[Black "Carlsen, Magnus"]
[Result "1/2-1/2"]
[WhiteElo "2783"]
[BlackElo "2881"]
[Annotator "Marin,Mihail"]
[PlyCount "120"]
[EventDate "2014.06.03"]
[EventType "tourn"]
[EventRounds "9"]
[EventCountry "NOR"]
[EventCategory "21"]
[SourceTitle "CBM 161"]
[Source "ChessBase"]
[SourceDate "2014.07.16"]
[SourceVersion "1"]
[SourceVersionDate "2014.07.16"]
[SourceQuality "1"]

1. d4 {ChessBase Website} Nf6 2. c4 e6 3. g3 Bb4+ 4. Bd2 Bxd2+ 5. Qxd2 d5 6. Bg2 c6 7. Nf3 Nbd7 8. O-O O-O 9. Rc1 b6 10. cxd5 ({RR} 10. b4 a5 11. b5 cxb5 12. cxb5 Bb7 13. Qb2 Qe7 14. Nbd2 ({RR} 14. Rc7 Rab8 15. Qa3 Qxa3 16. Nxa3 Rfc8 17. Rac1 Ne8 18. Rxc8 Rxc8 19. Rxc8 Bxc8 20. Nd2 Bb7 21. f4 Nd6 22. Ndb1 Kf8 23. Nc3 Ke7 24. Kf2 Nf6 25. h3 Nfe8 26. e3 Nc7 27. g4 Bc8 28. Bf1 Bd7) 14... Rfc8 15. e3 h6 16. Rxc8+ Rxc8 17. Rc1 Qf8 18. Rc3 Ne4 19. Rxc8 Qxc8 20. Nb1 Ndf6 21. Nfd2 Nxd2 22. Nxd2 Ne4 23. Nb1 h5 24. Bf1 h4 {Bacrot,E (2723)-Wang,H (2747) Elancourt 2013 CBM 157 [ChessBase Website] ½-½ (40)}) 10... cxd5 11. Na3 ({RR} 11. Ne5 Bb7 12. Nc3 a6 13. Rc2 Qb8 14. f4 Qd6 15. Rac1 Rfd8 16. a3 Ne8 17. Na4 Rac8 18. Rxc8 Rxc8 19. Rxc8 Bxc8 20. Qc3 Nc7 21. g4 Nb8 22. g5 Bd7 23. Nxd7 Nxd7 24. e3 Kf8 25. Bf1 Ke7 {Karthik,V (2571)-Sanal,V (2547) Eforie Nord ROU 2025 ½-½ (53)}) 11... Ne4 $146 {Quite typical for Carlsen. He changes his lines regularly in order to avoid specific preparation. With his last move he deviates from an earlier game between the same players, despite the favourable result.} (11... Bb7 12. Nb5 a6 13. Nd6 {Kramnik,V (2784)-Carlsen,M (2814) Wijk aan Zee 2011 CBM 141 [Moradiabadi/Mueller,Kar] (0-1, 85)}) ({RR} 11... Ba6 12. Nc2 Ne4 13. Qe1 Bb7 14. Nb4 Qb8 15. e3 Qd6 16. Bf1 Rac8 17. Bb5 h6 18. a3 Ng5 19. Qe2 Nxf3+ 20. Qxf3 a5 21. Nd3 Bc6 22. Bxc6 Rxc6 23. Rxc6 Qxc6 24. Rc1 Qb7 25. Qf4 Rc8 26. Qd6 {Kursova,M (2338)-Ghader Pour,S (2218) Istanbul 2012 1-0 (61)}) ({RR} 11... Ba6 12. Ne5 Nxe5 13. dxe5 Nd7 14. f4 Rc8 15. Nc2 Nb8 16. Nd4 Qd7 17. f5 exf5 18. Qf4 g6 19. Bh3 Qe7 20. Bxf5 Rc4 21. Bd3 Nd7 22. Bxc4 dxc4 23. Rc3 Nxe5 24. Re3 f6 25. Nc6 Qc5 26. Nxe5 {Balog,I (2594)-Lutz,C (2532) Germany GER 2023 1-0 (39)}) 12. Qe3 Ba6 13. Ne5 Nd6 14. Nc2 Nxe5 15. dxe5 Nc4 16. Qd4 {In principle, if White wishes to prove an advantage, this square should be the reserved for the knight.} ({In fact, the pawn sacrifice} 16. Qf4 {looks promising:} Nxb2 17. Rab1 Nc4 18. Nb4 g5 (18... Bb7 19. Rxc4 $16) 19. Qf6 Qxf6 20. exf6 Nd2 21. Nxa6 Nxb1 22. Rxb1 Rac8 23. Bf3 $14 {[%cal Gf3h5] Given the delicate situation of the black king, the minor pieces sustained by the rook may be stronger than the two black rooks.}) 16... Qe7 17. b3 Na5 18. e4 dxe4 19. Bxe4 Rac8 20. Ne3 Bb7 {The game simplifies now to a dull ending, in which Carlsen will surprisingly (or perhaps not?!) gets the upper hand at a later stage.} 21. Rxc8 Rxc8 22. Rd1 Bxe4 23. Qxe4 h6 24. b4 Nc6 25. a3 b5 26. Kg2 a5 27. Rc1 Qd7 28. bxa5 Nxa5 29. Rxc8+ Qxc8 30. a4 bxa4 31. Qxa4 Qb7+ 32. Kh3 Nb3 33. Nc4 Nd4 34. Nd6 Qd5 35. f4 Ne2 36. Ne4 Qd3 37. Kg2 Nd4 38. Qa8+ Kh7 39. Nf2 Qd2 40. Qe4+ g6 41. Qd3 Qb2 42. Kf1 Kg7 43. Ng4 h5 44. Ne3 Nf3 45. Nf5+ exf5 46. Qxf3 Qxh2 47. e6 fxe6 48. Qc3+ Kh7 49. Qc7+ Kh6 50. Qe7 Qb2 51. Qg5+ Kh7 52. Qe7+ Qg7 53. Qxe6 Kh6 54. Qe8 Qa1+ 55. Kg2 Qb2+ 56. Kh3 Qf6 57. Qc8 h4 58. g4 fxg4+ 59. Qxg4 g5 60. fxg5+ Qxg5 1/2-1/2